000 02941nab a2200265 i 4500
003 BR-BrBNA
005 20251121170138.0
008 251121b2023 bl.ar|pooa||| 00| 0 eng |
040 _aBR-BrBNA
_beng
072 _aF70
100 _aSantos-Silva, Fernanda
100 _aCardoso, Pedro Henrique
100 _aCabral, Andressa
245 _aCunoniaceae from Caparaó National Park, Mantiqueira Mountain Range, Brazil
500 _aPublicação on-line; Bibliography p. 8-10 (50 ref.); 2 illus.; Summaries (En, Pt)
520 _a Abstract A floristic treatment is presented for Cunoniaceae in the Caparaó National Park (PNC), located in the Mantiqueira Mountain Range, on the border of the Minas Gerais and Espírito Santo states. This conservation unit comprises the highest mountain peak in southeastern Brazil, Bandeira Peak, at 2,890 m of elevation. Its vegetation encompasses different phytophysiognomies, including Dense Ombrophilous Forests, Montane Semi-deciduous Seasonal Forests, and High-Altitude Grasslands. Cunoniaceae was represented in the PNC by four species: Lamanonia ternata, L. ulei, Weinmannia humilis, and W. paulliniifolia. To contribute to further taxonomic studies and species conservation in the Mantiqueira Mountain Range, morphological descriptions, identification keys, photographs in vivo, and comments on the taxonomy, geographic distribution of the recorded species are provided. Key words: Atlantic Forest, biodiversity, flora, Oxalidales. Resumo Apresenta-se um tratamento florístico de Cunoniaceae no Parque Nacional do Caparaó (PNC), localizado na Serra da Mantiqueira, na divisa dos estados de Minas Gerais e Espírito Santo. Essa unidade de conservação compreende o pico mais alto da Região Sudeste do Brasil, o Pico da Bandeira, com 2.890 m de altitude. Sua vegetação abrange diferentes fitofisionomias, incluindo floresta ombrófila densa, floresta estacional semidecídua montana e campos de altitude. A família está representada no PNC por quatro espécies: Lamanonia ternata, L. ulei, Weinmannia humilis, e W. paulliniifolia. Visando subsidiar futuros estudos taxonômicos e a conservação das espécies na Serra da Mantiqueira, nós fornecemos descrições morfológicas, chave de identificação, fotografias das espécies in vivo e comentários sobre taxonomia, distribuição geográfica das espécies registradas. Palavras-chave: Floresta Atlântica, biodiversidade, flora, Oxalidales.
650 _aFLORESTA ATLÂNTICA
650 _aBIODIVERSIDADE
650 _aFLORA
650 _aCUNONIACEAE
773 0 _0709
_9359038
_dRio de Janeiro-RJ Jardim Botanico do Rio de Janeiro 1935
_o2025-7012
_tRodriguésia (Brazil)
_x0370-6583; 2175-7860 on-line
_gv. 74 p. 1-10; (2023)
_wBR2025004484
856 _uhttps://www.scielo.br/j/rod/a/yxSN7x867VmJ75BqztTky5s/?format=pdf&lang=en
942 _cANA
999 _c339163
_d339163